Zdobywcy Superpucharu Europy UEFA - Statystyki

Ogólne statystyki
  • Ten quiz został rozwiązany 1 068 razy
  • Średni wynik to 26 z 44
Statystyki odpowiedzi
Rok Zwycięzca % Poprawnych
2002 Real Madryt
99%
2014 Real Madryt
99%
2016 Real Madryt
99%
2017 Real Madryt
99%
1992 FC Barcelona
98%
1997 FC Barcelona
98%
2009 FC Barcelona
98%
2011 FC Barcelona
98%
2015 FC Barcelona
98%
2013 Bayern Monachium
92%
1977 Liverpool
92%
2001 Liverpool
92%
2005 Liverpool
92%
1989 A.C. Milan
91%
1990 A.C. Milan
91%
1994 A.C. Milan
91%
2003 A.C. Milan
91%
1991 Manchester United
91%
1998 Chelsea FC
86%
2010 Atlético Madryt
84%
2012 Atlético Madryt
84%
2018 Atlético Madryt
84%
1984 Juventus F.C.
84%
2006 Sevilla FC
75%
1980 Valencia CF
51%
2004 Valencia CF
51%
1987 FC Porto
47%
2007 A.C. Milan
43%
1979 Nottingham Forest
34%
1982 Aston Villa
32%
2008 Zenit St. Petersburg
31%
2000 Galatasaray SK
17%
1986 Steaua Bukareszt
17%
1975 Dynamo Kijów
16%
1993 AC Parma
15%
1976 RSC Anderlecht
15%
1978 RSC Anderlecht
15%
1983 Aberdeen FC
2%
1972 AFC Ajax
2%
1973 AFC Ajax
2%
1995 AFC Ajax
2%
1988 KV Mechelen
2%
1999 S.S. Lazio
2%
1996 Juventus F.C.
1%
Nie znaleziono quizów pasujących do podanych kryteriów
Rozkład punktacji
Procent ludzi z każdym wynikiem
Percentyl według liczby udzielonych odpowiedzi
Twoja historia wyników
Nie rozwiązałeś tego quizu